000 00581nam a22001937a 4500
999 _c525500
_d525500
003 NUST
005 20190702104542.0
008 190702b ||||| |||| 00| 0 eng d
038 _awaseem
082 _a891.4911
_bNOS
100 _aNoshahi, Abu-al-Kamal Barq
_916402
245 _aTuhaif Noshahia /
_cAbu-al-Kamal Barq Noshahi
260 _aLahore :
_bMuhammad Sultan Noshahi Press,
_c1982.
300 _a112 p. ;
500 _aPapercover.
880 _6100-02\r
_aابوالکمال برق نوشاھی
880 _6245-02\r
_a تحاۂف نوشاہیہ /
942 _2ddc
_cBK